00293nam a2200121Ia 4500008004100000100001600041245001100057260005000068300000900118650002000127942000700147999001700154190216s9999||||xx |||||||||||||| ||und|| aSurendran K 0aThalam bThe Mathrubhumi Printing And Publishersc1985 a388p aMalayalam Novel cBK c26193d26193